US Regional Lingo Quiz Stats

 Plays Quiz Updated Nov 27, 2014

Score 0/36 Timer 05:00
1 Play Today
Definition Word % Correct
Long sandwich containing cold cuts, lettuce, etc.Sub
91.9%
Carbonated beverageSoda
91.9%
Carbonated beveragePop
89.6%
Thing you drink water from in a schoolWater fountain
84.1%
Sale of unwanted personal itemsGarage sale
83.4%
Circular intersectionRoundabout
79.4%
Sale of unwanted personal itemsYard sale
77.7%
Glowing insectFirefly
77.4%
Carbonated beverageCoke
68.4%
Glowing insectLightning bug
63.4%
Wheeled contraption used to carry groceriesShopping cart
62%
Long sandwich containing cold cuts, lettuce, etc.Hoagie
60.4%
Small lobster-like creatureCrawfish
59.3%
Small lobster-like creatureCrayfish
57.1%
The thing that women use to tie their hairHair Tie
52.5%
Wheeled contraption used to carry groceriesGrocery cart
50.3%
Small lobster-like creatureCrawdad
50%
The end of a loaf of breadHeel
49.7%
Definition Word % Correct
Long sandwich containing cold cuts, lettuce, etc.Hero
41.3%
The end of a loaf of breadEnd
41.1%
Thing you drink water from in a schoolBubbler
37.5%
Thing you drink water from in a schoolDrinking fountain
36.9%
The end of a loaf of breadCrust
33%
The thing that women use to tie their hairRubber Band
32.4%
Circular intersectionTraffic circle
31.3%
Sale of unwanted personal itemsRummage sale
30.9%
Wheeled contraption used to carry groceriesBuggy
28.2%
The end of a loaf of breadButt
28.1%
Long sandwich containing cold cuts, lettuce, etc.Grinder
27.6%
Circular intersectionCircle
21.1%
Circular intersectionRotary
15.6%
Sale of unwanted personal itemsTag sale
13.7%
Long sandwich containing cold cuts, lettuce, etc.Poor Boy
12.1%
Carbonated beverageSoft drink
11.2%
The thing that women use to tie their hairHair Elastic
9.9%
The thing that women use to tie their hairHair Thing
4.5%

You're not logged in!

Compare scores with friends on all Sporcle quizzes.
OR
Log In

Sporcle TV

Today on Sporcle TV


Watch our educational content, quiz creation guides, and fun videos on Sporcle TV.

Show Comments

Extras

Top Quizzes Today


Score Distribution

Your Account Isn't Verified!

In order to create a playlist on Sporcle, you need to verify the email address you used during registration. Go to your Sporcle Settings to finish the process.

Report this User

Report this user for behavior that violates our Community Guidelines.

Details: